| 000 | 00352nam a2200133Ia 4500 | ||
|---|---|---|---|
| 008 | 240624s9999 xx 000 0 und d | ||
| 041 | _aeng | ||
| 082 | _a303.954 AGA | ||
| 100 | _aAGARWALA RAMGOPAL | ||
| 245 | _aINDIA 2050 A ROADMAP TO SUSTAINABLE PROS | ||
| 260 |
_c2014 _aNew Delhi _bSage |
||
| 300 | _axxxv, : 350 : p. : cm. ; 22 | ||
| 365 |
_cRS _b38 |
||
| 999 |
_c27614 _d27614 |
||